Valparaíso ciudad creativa: reflexiones sobre redes y liderazgo
Gardado en:
| Autor Corporativo: | |
|---|---|
| Formato: | Libro |
| Idioma: | Lingua castelá |
| Publicado: |
Santiago
Ministerio de Educación
2012
|
| Subjects: | |
| Tags: |
Engadir etiqueta
Sen Etiquetas, Sexa o primeiro en etiquetar este rexistro!
|
MARC
| LEADER | 00000cam a2200000 a 4500 | ||
|---|---|---|---|
| 001 | UCF2230 | ||
| 003 | CL-VaPUC | ||
| 008 | 120810e20120000CL |||||||||||||||||spa|d | ||
| 020 | |a 9789563510485 | ||
| 082 | 0 | 4 | |a 342.085 |b MIN |2 21 |
| 110 | 2 | |a Ministerio de Educación |e author |9 563824 | |
| 245 | 1 | 0 | |a Valparaíso ciudad creativa: reflexiones sobre redes y liderazgo |
| 300 | |a 193 p | ||
| 942 | |c BK | ||
| 945 | |d 20120810 00:00:00 |a dcastane | ||
| 260 | |a Santiago |b Ministerio de Educación |c 2012 | ||
| 650 | 0 | |a Políticas culturales |9 381480 | |
| 650 | 0 | |a Políticas públicas |9 309677 | |
| 651 | 7 | |a CHILE |2 CL-VaPUC |9 563825 | |
| 651 | 0 | |a Valparaíso, Chile |9 261144 | |
| 583 | |a last modification |c 20120810 11:35:00 |k Rodrigo Vera | ||
| 999 | |c 348830 |d 348828 | ||
| 952 | |0 0 |1 0 |4 0 |6 342_085000000000000_MIN_2012 |7 0 |8 A |9 451063 |a BIBARQ |b BIBARQ |d 2019-11-22 |i 4890418 |o 342.085 MIN 2012 |p 4890418 |r 2025-01-20 |w 2019-11-22 |y BK |k ARQ | ||
| 952 | |0 0 |1 0 |4 0 |6 342_085000000000000_MIN_2012 |7 0 |8 A |9 451064 |a BIBARQ |b BIBARQ |d 2019-11-22 |i 4895592 |o 342.085 MIN 2012 |p 4895592 |r 2025-01-20 |w 2019-11-22 |y BK |k ARQ | ||
| 952 | |0 0 |1 0 |4 0 |6 342_085000000000000_MIN_2012 |7 0 |8 X |9 451065 |a FDOBUD |b FDOBUD |d 2019-11-22 |i 4919645 |o 342.085 MIN 2012 |p 4919645 |r 2019-11-22 |w 2019-11-22 |y BK_X |k BUD | ||